000 00412nam a2200157Ia 4500
008 240729s9999 xx 000 0 und d
022 _a2012-0818
245 0 _aScience Diliman
260 _aPhilippines
260 _bUniversity of the Philippines
650 _a Science (General)
650 _aScience
856 _uhttps://doaj.org/toc/81e5281201194a0a8d60cdc9df9c616d
942 _2ddc
942 _cDOAJEJ
999 _c68063
_d68063
945 _a1
_bMadushi Gamage
_c1
_dMadushi Gamage